000 00426nam a2200193Ia 4500
001 109647
003 YMCAF
005 20230512162358.0
008 100717s2002 ||||||||||||||||| ||und|d
024 _a109647
035 _aWB634
040 _aYMCAF
_beng
_cIN-KoLT
041 _aeng
100 _aScambray, Joel
245 0 _aHacking exposed: Web applications
260 _bTMH
_c2002
300 _a398
942 _2ddc
_cBK
999 _c11577
_d11577